00342pab a2200121 454500008004000000100002100040245006500061260000900126300001300135362001200148650001300160773004700173180718b2014 xxu||||| |||| 00| 0 eng d aBanerjee, Nobina aThe evaluation of outbound learning program in the workplace c2014 ap.12-17. aApr-Jun aTraining aIndian Journal of Training and Development